[Event "Ricany op"]
[Site "Ricany"]
[Date "2024.07.03"]
[Round "6"]
[White "Schwartz, Michael"]
[Black "Masek, Tomas"]
[Result "1-0"]
[WhiteElo "1706"]
[BlackElo "1699"]
[PlyCount "57"]
[EventDate "2024.06.29"]
[EventType "swiss"]
[EventRounds "9"]
[EventCountry "CZE"]
[SourceTitle "CBM 221 Extra"]
[Source "ChessBase"]
[SourceDate "2024.09.30"]
[SourceVersion "1"]
[SourceVersionDate "2024.09.30"]
[SourceQuality "1"]

1. e4 d5 2. exd5 Qxd5 3. Nc3 Qd6 4. d4 Nf6 5. Nf3 c6 6. Be3 Bg4 7. Be2 e6 8. 0-0 Be7 9. Ne5 Bxe2 10. Qxe2 Nbd7 11. Nc4 Qc7 12. Qf3 0-0 13. Bf4 Qd8 14. Rad1 Nb6 15. Ne5 Nbd5 16. Bg3 Qa5 17. Nxd5 cxd5 18. a3 Rfc8 19. c3 Qb5 20. Rd2 Qe8 21. Qe3 Ne4 22. Re2 Nxg3 23. fxg3 f6 24. Nd3 Rc6 25. Nf4 e5 26. Nxd5 Rd8 27. Nxe7+ Qxe7 28. dxe5 Re6 29. exf6 1-0

[Event "Ricany op"]
[Site "Ricany"]
[Date "2024.07.02"]
[Round "5"]
[White "Zabehlicky, Jiri"]
[Black "Masek, Tomas"]
[Result "1-0"]
[WhiteElo "1653"]
[BlackElo "1699"]
[PlyCount "67"]
[EventDate "2024.06.29"]
[EventType "swiss"]
[EventRounds "9"]
[EventCountry "CZE"]
[SourceTitle "CBM 221 Extra"]
[Source "ChessBase"]
[SourceDate "2024.09.30"]
[SourceVersion "1"]
[SourceVersionDate "2024.09.30"]
[SourceQuality "1"]

1. e4 d5 2. exd5 Qxd5 3. Nc3 Qd6 4. Nf3 Bg4 5. Be2 a6 6. d3 Nc6 7. h3 Bh5 8. Ne4 Qd7 9. Be3 e6 10. Ng3 Bxf3 11. Bxf3 Bd6 12. Ne4 Nf6 13. Nxd6+ cxd6 14. 0-0 0-0 15. d4 d5 16. c3 b5 17. a3 a5 18. Bd2 Rab8 19. Qe2 b4 20. axb4 axb4 21. Ra2 bxc3 22. bxc3 Rfc8 23. Rfa1 Ne8 24. Bf4 Rb7 25. Qd1 Nd6 26. Ra8 Nb5 27. Bd2 Nca7 28. Rxc8+ Qxc8 29. Rc1 Rc7 30. Be2 Nxc3 31. Rxc3 Rxc3 32. Bxc3 Qxc3 33. Qa4 Qc1+ 34. Bf1 1-0